[Event "Reinstorf Blitz op"]
[Site "Reinstorf"]
[Date "2022.02.04"]
[Round "4"]
[White "Marcinczyk, Monika"]
[Black "Ewert, Hannes"]
[Result "1/2-1/2"]
[WhiteElo "1910"]
[BlackElo "2265"]
[PlyCount "166"]
[EventDate "2022.01.29"]
[EventType "swiss (blitz)"]
[EventRounds "9"]
[EventCountry "GER"]
[SourceTitle "CBM 206 Extra"]
[Source "ChessBase"]
[SourceDate "2022.03.31"]
[SourceVersion "1"]
[SourceVersionDate "2022.03.31"]
[SourceQuality "1"]

1. e4 e5 2. Nf3 Nc6 3. Bb5 a6 4. Ba4 Nf6 5. d3 b5 6. Bb3 Be7 7. 0-0 0-0 8. h3 d6 9. c3 Na5 10. Bc2 c5 11. Nbd2 Re8 12. Re1 Bf8 13. Nf1 g6 14. Bg5 h6 15. Bh4 Bg7 16. d4 Bb7 17. dxe5 dxe5 18. Bxf6 Qxf6 19. Ne3 Rad8 20. Qe2 c4 21. a4 Nb3 22. Bxb3 cxb3 23. axb5 axb5 24. Qxb5 Bxe4 25. Ng4 Qf4 26. Ra4 f5 27. Qxb3+ Kh7 28. Qf7 fxg4 29. Qxf4 exf4 30. Raxe4 Rxe4 31. Rxe4 gxf3 32. gxf3 Rb8 33. Rxf4 Rxb2 34. c4 Rc2 35. Kg2 g5 36. Re4 Kg6 37. f4 Kf5 38. Kf3 Rc3+ 39. Re3 Rxc4 40. fxg5 hxg5 41. Kg2 Be5 42. Rf3+ Bf4 43. Rd3 Ke4 44. Ra3 Rc2 45. Ra4+ Kf5 46. Ra5+ Kg6 47. Ra6+ Kh5 48. Ra8 Be3 49. Rf8 Bd4 50. Rf7 Kg6 51. Rf3 Rc3 52. Rf8 Bf6 53. Rg8+ Kf5 54. Re8 Bd4 55. Rf8+ Ke4 56. Re8+ Be5 57. Rg8 Bf4 58. Re8+ Kd5 59. Rd8+ Ke6 60. Re8+ Kf7 61. Ra8 Rc2 62. Ra7+ Kg6 63. Ra6+ Kh5 64. Rf6 Be5 65. Rf5 Bd4 66. Rf8 Rc5 67. Rf7 Kg6 68. Rf3 Rf5 69. Rxf5 Kxf5 70. h4 gxh4 71. Kh3 Kg5 72. Kg2 Kg4 73. f3+ Kg5 74. f4+ Kg4 75. f5 Bf6 76. Kh1 Kg3 77. Kg1 h3 78. Kh1 Kg4 79. Kh2 Be5+ 80. Kh1 Kg3 81. f6 Bxf6 82. Kg1 h2+ 83. Kh1 Kh3 1/2-1/2